| 000 | 01372nam a2200325 a 4500 | ||
|---|---|---|---|
| 001 | BRL_1376 | ||
| 005 | 20190320211155.0 | ||
| 008 | 090114s1988----u--ao#####---#000-0#eng-# | ||
| 020 | _a0945486049 | ||
| 041 |
_aeng _hspa |
||
| 044 | _au | ||
| 050 | 4 |
_aF1219.3.C75 _b.B47 1988 |
|
| 100 | 1 |
_aBerdan, Frances F. _925832 |
|
| 245 | 1 | 0 |
_aHilo español / telar indígena _bel traje popular mexicano = Spanish thread on indian looms : mexican folk costume _cPor Frances F. Berdan [y] Russell J. Barber ; translated by Rafael E. Correa. |
| 260 |
_aSan Bernardino _bUniversity Art Gallery, California State University _c1988 |
||
| 300 |
_a106 p. _bil., fotografías _c28 cm. |
||
| 500 | _aAu1642 | ||
| 500 | _aTexto en: español e inglés | ||
| 500 | _aExhibición: University Art Gallery, California State University, San Bernardino, 5 mayo - 1 junio,1988 | ||
| 504 | _aBibliografía: p. 104-105 | ||
| 650 | 1 | 4 |
_aIndígenas de México _vExposiciones _xRopa _94724 |
| 650 | 1 | 4 |
_aIndumentaria _vExposiciones _zMéxico _926684 |
| 650 | 1 | 4 |
_aIndígenas de México _vExposiciones _xTelares _926685 |
| 700 | 1 |
_aBarber, Russell J. _926686 |
|
| 700 | 1 |
_aCorrea, Rafael E. _etr. _926687 |
|
| 710 | 2 |
_aCalifornia State University, San Bernardino _bUniversity Art Gallery _926688 |
|
| 740 | 0 | _aSpanish thread on indian looms : mexican folk costume | |
| 902 | _aGRL | ||
| 942 |
_2lcc _cB |
||
| 999 |
_c10187 _d10187 |
||